000 00545pam a2200181 a 4500
020 _a0816027722 :
040 _cDLC
082 0 0 _a031 FAE 1992 C162 Or.
245 0 4 _aThe Guinness book of records 1492 :
_bthe world five hundred years ago /
260 _aNew York :
_bFacts on File,
_cc1992.
300 _a192 p. :
_bill. (some col.), col. maps ;
_c30 cm.
650 0 _aCuriosities and wonders.
650 0 _aWorld records.
650 0 _aCivilization.
700 1 _aManley, Deborah.
700 1 _aScammell, Geoffrey Vaughn.
942 _cAEDBB
999 _c19284
_d19284